000 02143cam a2200217 4500500
005 20260329023258.0
041 _afre
042 _adc
100 1 0 _ade Singly, François
_eauthor
700 1 0 _aBoukaïa, Claire-Anne
_eauthor
700 1 0 _aBrocard, Anouk
_eauthor
700 1 0 _aDecup-Pannier, Benoîte
_eauthor
700 1 0 _aJanet Chauffier, Julie
_eauthor
700 1 0 _aMallon, Isabelle
_eauthor
700 1 0 _aRamos, Elsa
_eauthor
700 1 0 _aVatin, Florence
_eauthor
245 0 0 _aLibres ensemble : L'individualisme dans la vie commune
260 _bArmand Colin,
_c2016.
520 _aPlus que jamais s’affirme la nécessité d’une des fonctions centrales de la vie commune : apprendre le respect mutuel. Car il ne s’agit pas seulement de vivre ensemble, mais d’être libres ensemble. En effet, l’individualisme peut mener à l’atomisation de la société – chacun se repliant sur soi – si la vie commune, vécue sous le mode de la contrainte, empêche l’épanouissement personnel. Il s’agit donc de résoudre cette tension entre être soi-même et vivre ensemble, entre l’individuel et le collectif. S’appuyant sur huit enquêtes inédites menées auprès de jeunes adultes vivant en couple, de personnes âgées, d’enfants et d’adolescents, Libres ensemble montre comment les personnes en couple, en famille, en collectivité mènent une « double vie » faite de temps personnel et de temps partagé. Chacun se retrouve ainsi à la fois « seul » et « avec ». Quinze ans après la première édition de cet ouvrage, Libres ensemble est encore plus actuel, du fait de la crise de la vie commune sous le même toit de la nation. Comment rendre compatibles les exigences du vivre ensemble et du respect des différences individuelles ? Les responsables d’associations, de groupes, les citoyens devraient s’inspirer de ce que les gens ordinaires ont inventé dans leur vie privée : une forme de « multiculturalisme » conciliant culture commune et culture personnelle.
856 4 1 _uhttps://shs.cairn.info/libre-ensemble--9782200614034?lang=fr&redirect-ssocas=7080
999 _c1926007
_d1926007